000 00457nam a2200181Ia 4500
005 20250326130108.0
008 250326s9999 xx 000 0 und d
037 _aTextbook
040 _aFMSL
_beng
_cFMSL
041 _aeng
_2eng
084 _aX L5
_qFMSL
100 _aHalm G N
245 0 _aEconomic systems
_cHalm G N
260 _aLondon
_bLondon, Oxford & IBH
_c1975
300 _a420p
942 _cTB
_hX L5
999 _c1280898
_d1280898